[Event "Recife op 4th"]
[Site "Recife"]
[Date "2017.04.20"]
[Round "1"]
[White "Do Amaral, Geraldo Goncalves"]
[Black "Frankental, David"]
[Result "1-0"]
[WhiteElo "1427"]
[BlackElo "1865"]
[PlyCount "76"]
[EventDate "2017.04.20"]
[EventType "swiss"]
[EventRounds "6"]
[EventCountry "BRA"]
[SourceTitle "EXT 2018"]
[Source "ChessBase"]
[SourceDate "2017.10.13"]
[SourceVersion "1"]
[SourceVersionDate "2017.10.13"]
[SourceQuality "1"]

1. e4 c5 2. Nf3 Nc6 3. d4 cxd4 4. Nxd4 g6 5. c3 Bg7 6. Be3 Nf6 7. Bd3 d5 8. Qa4 Bd7 9. Nxc6 Bxc6 10. Qb4 dxe4 11. Bb5 Bxb5 12. Qxb5+ Qd7 13. Qb4 Nd5 14. Qxe4 f5 15. Qf3 Nxe3 16. Qxe3 0-0-0 17. 0-0 Kb8 18. Na3 e5 19. Rab1 Qd5 20. c4 Qd4 21. Qe2 Qd2 22. Qe3 Qxe3 23. fxe3 e4 24. b4 Rd3 25. Rb3 Rxb3 26. axb3 Rd8 27. g4 Rd3 28. gxf5 gxf5 29. Rxf5 a6 30. b5 Rxb3 31. Rf7 Rxa3 32. b6 Rc3 33. Rxg7 Rxc4 34. Rxh7 Kc8 35. h4 Rc6 36. Rc7+ Rxc7 37. bxc7 Kxc7 38. h5 a5 1-0